000 00815cam a22002771 4500
001 6568
003 BD-RjUL
005 20211208234253.0
008 140111s1965 nyua 001 0 eng
035 _a(BD-RjUL)6609
040 _aDLC
_cDLC
_dBD-RjUL
_beng
041 _aeng
082 0 0 _a512.943
_bCAI 1965
100 1 _aCampbell, Hugh G.
_920667
245 1 3 _aAn introduction to matrices, vectors, and linear programming /
_cHugh G. Campbell.
260 _aNew York :
_bAppleton-Century-Crofts,
_cc1965.
300 _axiv, 244 p. :
_c24 cm.
_bill. ;
490 0 _aAppleton-Century mathematics series
504 _aInclude index.
650 0 _aMatrices.
_920668
650 0 _aVector analysis.
_920448
650 0 _aLinear programming.
_96536
942 _2ddc
_cBK
999 _c6568
_d6568